000 00404pab a2200169 454500
008 180718b2010 xxu||||| |||| 00| 0 eng d
100 _aLange, Andreas
245 _aElites in local development in the Philippines
260 _c2010
300 _ap.53-76.
362 _aJul
650 _aElite - Philippines
650 _aElite
773 _aDevelopment and Change
908 _aN
909 _a86127
999 _c86127
_d86127